000
00235nam a22000857a 4500
999
_c
10972
_d
10972
008
180706b ||||| |||| 00| 0 eng d
100
_a
Mukherjee Poulmi
_9
6773
245
_a
Alibaba and the Forty Thieves
260
_a
New Delhi
_b
Campfire
_c
2016